| 000 | 00668nam a2200241Ia 4500 | ||
|---|---|---|---|
| 005 | 20260430150412.0 | ||
| 008 | 008 250103s9999 xx 000 0 eng d | ||
| 037 | _aTheses | ||
| 040 | _aCRL | ||
| 040 | _beng | ||
| 040 | _ceng | ||
| 041 | _2eng | ||
| 041 | _aeng | ||
| 084 | _qCRL | ||
| 100 |
_aVaibhav Vishal Au.; Yaruingam A.S. Gu. _91237393 |
||
| 245 | 0 | _aConflict Dynamics and Human Security in South Sudan | |
| 260 | _c2023 | ||
| 300 | _a183p. | ||
| 650 |
_aAfrican Literature; Social Sciences _9867699 |
||
| 700 |
_aUniversity of Delhi. Faculty of Social Sciences. Deptt.of African Studies _91237394 |
||
| 942 | _cTH | ||
| 999 |
_c1849697 _d1849697 |
||